000 01870nam a22002297a 4500
003 NALT
005 20260316152633.0
008 171011b th ||||| |||| 00| 0 tha d
040 _aNALT
090 _aELR 34/1 2559
100 0 _aศุภยา วรกรรณ
_918387
245 1 0 _aการบริหารงานพัสดุในสำนักการพิมพ์ : กรณีประธานกรรมการฯ และการบริหารงานพัสดุในสำนักการคลังและงบประมาณ :
_bกรณีการบริหารสัญญาโครงการก่อสร้างรัฐสภาแห่งใหม่ /
_cศุภยา วรกรรณ.
246 3 0 _aผลงานหรือผลสำเร็จของงานที่เกิดจากการปฏิบัติหน้าที่ความรับผิดชอบ
260 _aกรุงเทพฯ :
_bสำนักงานเลขาธิการสภาผู้แทนราษฎร,
_c2559.
300 _a163, 80 หน้า :
_bภาพประกอบ, ตาราง ;
_c29 ซม.
610 2 4 _919315
_aสำนักงานเลขาธิการสภาผู้แทนราษฎร.
_bสำนักการคลังและงบประมาณ.
_bกลุ่มงานพัสดุ
_xการบริหารงานพัสดุ
650 4 _919316
_aอาคารรัฐสภาแห่งใหม่
_xสัญญาก่อสร้าง
_xการบริหาร
850 _aNALT
942 _cIS
_2local
998 _abijaya
_c101
_j111
_k นางสาวพจพิณ พรมเอี่ยม
999 _c93840
_d93840